Tropical rain forests of the Far East

Bibliographic Details
Main Author: WHITMORE (Timothy Charles)
Other Authors: Burnham
Format: Book
Published: Oxford : Clarendon Press , 1984 [1985]
Edition:2nd ed.
Subjects:

MARC

LEADER 00000cam a2200000 7i4500
001 0000001525
005 20010730.0
020 0 0 |a 0198541368 
090 0 0 |a 577.340959   |b WHI 1985 
100 1 0 |a WHITMORE   |h T. C. [  |q (Timothy Charles)] 
245 1 0 |a Tropical rain forests of the Far East   |c T.C. Whitmore   |f with a chapter on soils by C.P. Burnham 
250 0 0 |a 2nd ed. 
260 0 0 |a Oxford :   |b Clarendon Press ,   |c 1984 [1985] 
300 |a xvi, 352 p. :   |b ill. ;   |c 26 cm. 
500 0 0 |a Bibliography: [p. 297-328] and index 
650 0 0 |a Forests and forestry   |z Asia, Southeastern 
650 0 0 |a Rain forest ecology   |z Asia, Southeastern 
650 0 0 |a Rain forests   |z Asia, Southeastern 
700 0 1 |a Burnham   |h C. P. 
998 |a JPSM 
999 |a 0000002859   |b Monograph   |c Open Shelf   |e Default branch